Geografía urbana

保存先:
書誌詳細
第一著者: Johnson, James H (著者)
フォーマット: 図書
言語:スペイン語
出版事項: Barcelona Oikos-Tau 1974
シリーズ:Elementos de Geografía, 3
主題:
タグ: タグ追加
タグなし, このレコードへの初めてのタグを付けませんか!

MARC

LEADER 00000nam a2200000 a 4500
001 UCU1981
003 CL-VaPUC
008 960419e19740000SP |||||||||||||||||spa|d
082 0 4 |a 711.4  |b JOH  |2 21 
100 0 |a Johnson, James H  |e author  |9 357792 
245 1 0 |a Geografía urbana 
300 |a 279 p 
942 |c BK 
945 |d 19960419 00:00:00  |a lriquelm 
260 |a Barcelona  |b Oikos-Tau  |c 1974 
650 0 |a Geografía  |9 259346 
650 0 |a Geografía urbana  |9 267904 
650 0 |a Zonas rurales  |9 317366 
650 0 |a Ciudades  |9 265474 
583 |a last modification  |c 19960419 00:00:00  |k Rodrigo Vera 
490 0 |a Elementos de Geografía, 3 
999 |c 246393  |d 246391 
952 |0 0  |1 0  |4 0  |6 711_400000000000000_JOH_1974  |7 0  |8 A  |9 261337  |a BIBING  |b BIBING  |d 2019-11-19  |i 2017318  |l 1  |o 711.4 JOH 1974  |p 2017318  |r 2025-04-21  |s 2025-04-21  |w 2019-11-19  |y BK  |k TRA